Špecifiká manažérskej komunikácie

Charakteristika manažérskej komunikácie. Druhy manažérskej komunikácie. Špecifické typy manažérskej komunikácie. Komunikačná korektnosť. Efektívne komunikovanie.

Na minha lista:
Detalhes bibliográficos
Autor principal: Rizeková, Iveta, 1961-
Formato: Capítulo de Livro
Idioma:eslovaco
Assuntos:
Tags: Adicionar Tag
Sem tags, seja o primeiro a adicionar uma tag!

MARC

LEADER 00000nla$a2200000$$$4500
001 0083964
005 20240502071938.1
041 0 |a slo 
044 |a SK 
245 1 0 |a Špecifiká manažérskej komunikácie  |c Iveta Rizeková 
520 |a Charakteristika manažérskej komunikácie. Druhy manažérskej komunikácie. Špecifické typy manažérskej komunikácie. Komunikačná korektnosť. Efektívne komunikovanie. 
610 2 0 |a manažéri 
610 2 0 |a komunikácia manažérska 
610 2 0 |a komunikácia neverbálna 
610 2 0 |a koučovanie 
610 2 0 |a lobizmus 
610 2 0 |a rokovania obchodné 
610 2 0 |a efektívnosť 
100 1 |a Rizeková, Iveta, 1961-